000 00473nam a2200181Ia 4500
003 LDD
008 181101s9999 xx 000 0 und d
020 _c125.00
040 _cLDD
100 _aRizvi, Zabeer
245 0 _aPurani baat
_cZabeer Rizvi
260 _aNew Delhi
_bMaktaba Jamia Ltd.
_c1980
300 _a96p.
901 _a15920
_b17-03-2017
902 _a2840
_b17-03-2017
_cF
_dPIBD
_e8U
903 _a20
_bReqst by : Moh.Akbar
942 _2ddc
_cUR
999 _c195
_d195